Teoría de la educación
Збережено в:
| Автор: | |
|---|---|
| Формат: | Книга |
| Мова: | Іспанська |
| Опубліковано: |
Buenos Aires
Losada
1952
|
| Серія: | Biblioteca del Maestro
|
| Предмети: | |
| Теги: |
Додати тег
Немає тегів, Будьте першим, хто поставить тег для цього запису!
|
MARC
| LEADER | 00000nam a2200000 a 4500 | ||
|---|---|---|---|
| 001 | UCW5800 | ||
| 003 | CL-VaPUC | ||
| 008 | 910808e19520000AG |||||||||||||||||spa|d | ||
| 082 | 0 | 4 | |a 370.1 |b NOH |2 21 |
| 100 | |a Nohl, Herman |e autor |9 570843 | ||
| 245 | 1 | 0 | |a Teoría de la educación |
| 300 | |a 170 p | ||
| 942 | |c BK | ||
| 945 | |d 19910808 00:00:00 | ||
| 260 | |a Buenos Aires |b Losada |c 1952 | ||
| 650 | 0 | |a Filosofía de la educación |9 258384 | |
| 583 | |a last modification |c 19910808 00:00:00 |k Rodrigo Vera | ||
| 490 | 0 | |a Biblioteca del Maestro | |
| 999 | |c 219121 |d 219119 | ||
| 952 | |0 0 |1 0 |4 0 |6 370_100000000000000_NOH_1952 |7 0 |8 P |9 209657 |a BIBEDU |b BIBEDU |c BIBEDU_PB |d 2019-11-15 |i 2775476 |o 370.1 NOH 1952 |p 2775476 |r 2024-01-25 |w 2019-11-15 |y BK |k EDU | ||
| 952 | |0 0 |1 0 |4 0 |6 370_100000000000000_NOH_1952 |7 0 |8 P |9 209658 |a BIBEDU |b BIBEDU |c BIBEDU_PB |d 2019-11-15 |i 2775484 |o 370.1 NOH 1952 |p 2775484 |r 2024-01-25 |w 2019-11-15 |y BK |k EDU | ||
| 952 | |0 0 |1 0 |4 0 |6 370_100000000000000_NOH_1952 |7 0 |8 P |9 209660 |a BIBEDU |b BIBEDU |c BIBEDU_PB |d 2019-11-15 |i 2775506 |o 370.1 NOH 1952 |p 2775506 |r 2024-01-25 |w 2019-11-15 |y BK |k EDU | ||